000 00940nam a22003137a 4500
005 20191008134619.0
008 190722b xxu||||| |||| 00| 0 spa d
020 _a9789583022074
041 _aspa
082 _aFichas nemotécnicas de anatómía
245 _aFichas nemotécnicas de anatomía
260 _aCosta Rica
260 _bEstados Unidos
260 _c2017
505 _aContiene 264 fichas a todo color
650 _aMATERIAL DIDÁCTICO
_912846
650 _aFICHAS DE ANATOMÍA
_956295
650 _aSISTEMA ESQUELÉTICO
_956296
650 _aSISTEMA MUSCULAR
_921029
650 _aSISTEMA NERVIOSO
_91367
650 _aSISTEMA LINFÁTICO
_94243
650 _aSISTEMA CIRCULATORIO
_923617
650 _aSISTEMA RESPIRATORIO
_9414
650 _aSISTEMA URINARIO
_921779
650 _aSISTEMA DIGESTIVO
_911675
650 _aSISTEMA REPRODUCTIVO
_924557
650 _aSISTEMA ENDOCRINO
_94246
942 _cMATDID
999 _c12389
_d12389